Países da Oceania - Statistics

Estatísticas Gerais
  • Esse quiz foi jogado 103 vezes
  • A pontuação média é 13 de 14
Estatísticas das Respostas
Oceania País % Correto
País Austrália
100%
País Nova Zelândia
99%
País Ilhas Salomão
94%
País Tuvalu
94%
País Ilhas Marshall
92%
País Papua Nova Guiné
92%
País Micronésia
90%
País Nauru
90%
País Fiji
88%
País Samoa
88%
País Vanuatu
88%
País Tonga
86%
País Kiribati
83%
País Palau
83%
Nenhum quiz correspondente encontrado
Distribuição das Pontuações
Porcentagem de Pessoas com Cada Pontuação
Percentil de Números Respondidos
Sua Pontuação Histórica
Você não jogou esse quiz